Państwa w języku Arabskim - Statystyki

Ogólne statystyki
  • Ten quiz został rozwiązany 8 razy
  • Średni wynik to 15 z 30
Statystyki odpowiedzi
Nazwa arabska Nazwa polska % Poprawnych
السعودية Arabia Saudyjska
100%
بولندا Polska
100%
الولايات المتحدة Stany Zjednoczone / USA
100%
الصين Chiny
80%
الدنمارك Dania
80%
إندونيسيا Indonezja
80%
الكويت Kuwejt
80%
ألمانيا Niemcy
80%
إيطاليا Włochy
80%
البحرين Bahrajn
60%
فنلندا Finlandia
60%
آيسلندا Islandia
60%
قطر Katar
60%
كوريا الجنوبية Korea Południowa
60%
سلطنة عمان Oman
60%
باكستان Pakistan
60%
كرواتيا Chorwacja
40%
جمهورية التشيك Czechy
40%
كازاخستان Kazachstan
40%
ناورو Nauru
40%
نيبال Nepal
40%
سنغافورة Singapur
40%
بروناي Brunei
20%
إسواتيني Eswatini / Suazi
20%
لوكسمبورغ Luksemburg
20%
السلفادور Salwador
20%
غرينادا Grenada
0%
كوستاريكا Kostaryka
0%
موريشيوس Mauritius
0%
جزر مارشال Wyspy Marshalla
0%
Nie znaleziono quizów pasujących do podanych kryteriów
Rozkład punktacji
Procent ludzi z każdym wynikiem
Percentyl według liczby udzielonych odpowiedzi
Twoja historia wyników
Nie rozwiązałeś tego quizu